000 00905cam a2200325 i 4500
001 0000882
003 DO-SdBPM
005 20250516133245.0
007 0000882
008 100514s1998 sp a || 000 f spa
015 _a
017 _a
_b
020 _a8434862255
035 _a
040 _aDO-SdBPM
_bspa
_cBPMSU
_e
080 _a
082 4 _a863.6
_bM385c 1998
_222
100 1 _aMartínez, Rocío
245 1 3 _aLa Cenicienta /
_cadaptación e ilustración Rocío Martínez
_h
260 _aMadrid, España :
_bEdiciones SM,
_c1998.
300 _a[36] p. :
_bil. ;
_c22 cm.
590 _aInventariado, 2025/VM
650 4 _aCuentos infantiles españoles
650 4 _vCuentos infantiles
_aMadrastras
650 4 _aPrincesas
_eCuentos infantiles
650 4 _aPríncipes
_vCuentos infantiles
650 4 _a
910 _aVMateo V. Control de calidad. BPMSU
942 _2ddc
_cBK
999 _c12311
_d12311